[Event "ENG-ch Seniors 50"]
[Site "Leamington Spa"]
[Date "2023.05.05"]
[Round "2"]
[White "Rich, Mark"]
[Black "Henderson, David"]
[Result "1/2-1/2"]
[WhiteElo "2070"]
[BlackElo "2116"]
[PlyCount "59"]
[EventDate "2023.05.04"]
[EventType "swiss"]
[EventRounds "7"]
[EventCountry "ENG"]
[SourceTitle "CBM 214 Extra"]
[Source "ChessBase"]
[SourceDate "2023.07.31"]
[SourceVersion "1"]
[SourceVersionDate "2023.07.31"]
[SourceQuality "1"]

1. e4 e5 2. Nf3 Nc6 3. d4 exd4 4. Bc4 Nf6 5. e5 d5 6. Bb5 Ne4 7. Nxd4 Bd7 8. Bxc6 bxc6 9. 0-0 Bc5 10. f3 Ng5 11. Be3 0-0 12. f4 Ne4 13. Nd2 Nxd2 14. Qxd2 Qe7 15. Nb3 Bb6 16. a4 a5 17. Qc3 Rfe8 18. Bc5 Bxc5+ 19. Nxc5 Bf5 20. h3 h5 21. Rae1 Rab8 22. Nb3 Qb4 23. Nxa5 Qxc3 24. bxc3 Bxc2 25. Nxc6 Rb6 26. Nb4 Bb3 27. a5 Rb5 28. Nc6 Rc5 29. Nd4 Bc4 30. Rf2 1/2-1/2

[Event "ENG-ch Seniors 50"]
[Site "Leamington Spa"]
[Date "2023.05.04"]
[Round "1"]
[White "Wilson, Matthew R"]
[Black "Rich, Mark"]
[Result "0-1"]
[WhiteElo "1747"]
[BlackElo "2070"]
[PlyCount "110"]
[EventDate "2023.05.04"]
[EventType "swiss"]
[EventRounds "7"]
[EventCountry "ENG"]
[SourceTitle "CBM 214 Extra"]
[Source "ChessBase"]
[SourceDate "2023.07.31"]
[SourceVersion "1"]
[SourceVersionDate "2023.07.31"]
[SourceQuality "1"]

1. b3 d6 2. Bb2 e5 3. c4 Bf5 4. Nc3 c6 5. e3 Nf6 6. Nf3 Be7 7. d4 Nbd7 8. h3 h6 9. Ne2 Ne4 10. g4 Bh7 11. Bg2 Qa5+ 12. Nd2 Ndf6 13. a3 0-0 14. b4 Qc7 15. 0-0 Rad8 16. Nxe4 Bxe4 17. Ng3 Bxg2 18. Kxg2 Rfe8 19. Qf3 g6 20. h4 Nh7 21. Rh1 Bf8 22. Rac1 Bg7 23. Ne4 Qe7 24. c5 d5 25. Nd6 e4 26. Qg3 Rf8 27. Rcg1 Rd7 28. Bc1 Qe6 29. Kf1 Ra8 30. a4 Kh8 31. Bd2 Bf8 32. h5 Ng5 33. hxg6 fxg6 34. Qe5+ Qxe5 35. dxe5 Kg8 36. Bc3 Bg7 37. Bd4 Re7 38. Ke2 Nf3 39. Rg3 Rf8 40. b5 Kh7 41. bxc6 bxc6 42. Rb1 Nxe5 43. Bxe5 Bxe5 44. Rgg1 Bxd6 45. cxd6 Ref7 46. Rg2 Rd7 47. a5 Rxd6 48. Rb7+ Kg8 49. Rxa7 Rb8 50. Ra6 Rb2+ 51. Kd1 Kf7 52. Rb6 Rxb6 53. axb6 c5 54. f4 Rxb6 55. f5 gxf5 0-1

[Event "BCF-chT3E 2223 (4NCL)"]
[Site "England"]
[Date "2023.04.30"]
[Round "10.51"]
[White "Rich, Mark"]
[Black "Lancaster, Roger"]
[Result "1/2-1/2"]
[WhiteElo "2070"]
[BlackElo "1956"]
[PlyCount "57"]
[EventDate "2022.11.05"]
[EventType "team-tourn"]
[EventRounds "11"]
[EventCountry "ENG"]
[SourceTitle "EXT 2024"]
[Source "ChessBase"]
[SourceDate "2023.10.10"]
[SourceVersion "1"]
[SourceVersionDate "2023.10.10"]
[SourceQuality "1"]
[WhiteTeam "Cambridge University II"]
[BlackTeam "Watford"]
[WhiteTeamCountry "ENG"]
[BlackTeamCountry "ENG"]

1. e4 e6 2. d4 d5 3. Bd3 dxe4 4. Bxe4 Nf6 5. Bf3 c5 6. Ne2 Nc6 7. Be3 cxd4 8. Nxd4 Bd7 9. 0-0 Be7 10. Nxc6 Bxc6 11. Qxd8+ Bxd8 12. Bxc6+ bxc6 13. c4 Ng4 14. Bd4 Bf6 15. Bxf6 Nxf6 16. Nc3 Ke7 17. Rfd1 Rhd8 18. Kf1 Rxd1+ 19. Rxd1 Rd8 20. Rxd8 Kxd8 21. Ke2 Ke7 22. h3 e5 23. g4 h6 24. Ke3 g6 25. Ne2 Nd7 26. f4 Ke6 27. fxe5 Kxe5 28. Nd4 Kd6 29. b3 1/2-1/2

[Event "BCF-chT3Sb 1920 (4NCL)"]
[Site "England"]
[Date "2019.11.09"]
[Round "1.74"]
[White "Duckers, Harvey L"]
[Black "Rich, Mark"]
[Result "0-1"]
[WhiteElo "2065"]
[BlackElo "2060"]
[PlyCount "44"]
[EventDate "2019.11.09"]
[EventType "team-tourn"]
[EventRounds "11"]
[EventCountry "ENG"]
[SourceTitle "EXT 2023"]
[Source "ChessBase"]
[SourceDate "2022.10.05"]
[SourceVersion "1"]
[SourceVersionDate "2022.10.05"]
[SourceQuality "1"]
[WhiteTeam "Crowthorne"]
[BlackTeam "Cambridge University II"]
[WhiteTeamCountry "ENG"]
[BlackTeamCountry "ENG"]

1. c4 f5 2. Nc3 Nf6 3. d3 e5 4. g3 Nc6 5. Bg2 Be7 6. Nf3 0-0 7. 0-0 d6 8. a3 Qe8 9. b4 Qh5 10. Nd5 Bd8 11. b5 Ne7 12. Nxe7+ Bxe7 13. d4 e4 14. Ne1 d5 15. cxd5 Nxd5 16. Nc2 Nc3 17. Qe1 Nxe2+ 18. Kh1 f4 19. gxf4 Bg4 20. Ra2 Bf3 21. Ne3 Nxf4 22. Rg1 Nxg2 0-1

[Event "BCF-chT3S 1718 (4NCL) Promotion pool"]
[Site "England"]
[Date "2018.03.25"]
[Round "8.42"]
[White "Frostick, Clive A"]
[Black "Rich, Mark"]
[Result "1-0"]
[WhiteElo "2166"]
[BlackElo "2067"]
[PlyCount "61"]
[EventDate "2017.11.11"]
[EventType "team-tourn"]
[EventRounds "11"]
[EventCountry "ENG"]
[SourceTitle "EXT 2020"]
[Source "ChessBase"]
[SourceDate "2019.10.17"]
[SourceVersion "1"]
[SourceVersionDate "2019.10.17"]
[SourceQuality "1"]
[WhiteTeam "CSC Dragons"]
[BlackTeam "Cambridge University II"]
[WhiteTeamCountry "ENG"]
[BlackTeamCountry "ENG"]

1. e4 d6 2. d4 e5 3. dxe5 dxe5 4. Qxd8+ Kxd8 5. Bc4 Be6 6. Bxe6 fxe6 7. Be3 Nf6 8. f3 Nbd7 9. Nh3 h6 10. Nd2 c6 11. Nf2 Bd6 12. Nd3 Ke7 13. Ke2 Nh5 14. g3 g5 15. Rhf1 Rhg8 16. Rad1 Rad8 17. Nc4 Bc7 18. Bd2 b5 19. Na5 Nb8 20. Bc3 Kf6 21. Nb7 Rdf8 22. Nbc5 Rf7 23. Nf2 Rh7 24. Ng4+ Ke7 25. Nxe5 Nf6 26. a3 Bxe5 27. Bxe5 Nbd7 28. Bxf6+ Nxf6 29. Rd3 h5 30. Rfd1 g4 31. Rd7+ 1-0

[Event "BCF-chT2a 1617 (4NCL)"]
[Site "England"]
[Date "2016.11.20"]
[Round "2.44"]
[White "Page, Mark"]
[Black "Rich, Mark"]
[Result "1-0"]
[WhiteElo "2117"]
[BlackElo "2192"]
[PlyCount "71"]
[EventDate "2016.11.19"]
[EventType "team-tourn"]
[EventRounds "11"]
[EventCountry "ENG"]
[SourceTitle "EXT 2019"]
[Source "ChessBase"]
[SourceDate "2018.10.10"]
[SourceVersion "1"]
[SourceVersionDate "2018.10.10"]
[SourceQuality "1"]
[WhiteTeam "Warwicks Select II"]
[BlackTeam "The ADS"]
[WhiteTeamCountry "ENG"]
[BlackTeamCountry "ENG"]

1. e4 g6 2. Nc3 Bg7 3. d4 d6 4. f4 c6 5. Be3 d5 6. e5 h5 7. Nf3 Nh6 8. Be2 Bg4 9. 0-0 Nf5 10. Bf2 Bxf3 11. Bxf3 e6 12. g3 Nd7 13. a4 Bf8 14. Ne2 Rc8 15. b3 a5 16. c4 Bb4 17. Rc1 Nb6 18. c5 Nd7 19. Qd3 b6 20. cxb6 Qxb6 21. h3 Ne7 22. Rc2 Kd8 23. Kg2 Kc7 24. Rfc1 Kb7 25. Nc3 Qa6 26. Qd1 Nf5 27. Na2 Ba3 28. Rb1 Qb6 29. b4 Ka7 30. bxa5 Qxa5 31. Rb3 Be7 32. Qb1 Rc7 33. Be1 Qa6 34. Be2 Qc8 35. Rcb2 c5 36. Rb5 1-0

[Event "BCF-chT2 1011 (4NCL)"]
[Site "England"]
[Date "2011.02.20"]
[Round "6.17"]
[White "Rich, Mark"]
[Black "Davies, G Brian"]
[Result "1-0"]
[WhiteElo "2145"]
[BlackElo "1914"]
[PlyCount "91"]
[EventDate "2010.11.06"]
[EventType "team-swiss"]
[EventRounds "11"]
[EventCountry "ENG"]
[SourceTitle "EXT 2012"]
[Source "ChessBase"]
[SourceDate "2011.11.24"]
[SourceVersion "1"]
[SourceVersionDate "2011.11.24"]
[SourceQuality "1"]
[WhiteTeam "Jutes of Kent"]
[BlackTeam "South Wales Dragons"]
[WhiteTeamCountry "ENG"]
[BlackTeamCountry "ENG"]

1. e4 d6 2. Nc3 Nf6 3. f4 g6 4. Nf3 Bg7 5. d4 0-0 6. Be3 b6 7. e5 dxe5 8. dxe5 Ng4 9. Bg1 c6 10. h3 Nh6 11. Qxd8 Rxd8 12. g4 Bb7 13. Rh2 Na6 14. a3 Nc7 15. Be3 Nd5 16. Nxd5 cxd5 17. Nd4 e6 18. Be2 a6 19. h4 Re8 20. g5 Nf5 21. Nxf5 gxf5 22. Bxb6 Rec8 23. Rc1 Bf8 24. Bd3 Bc5 25. Bxc5 Rxc5 26. c3 a5 27. Rd1 a4 28. Be2 Ba6 29. Rd4 Bb5 30. Rb4 Bd7 31. Bd1 Be8 32. Rd2 Rca5 33. Rdd4 R5a7 34. Rb6 Kf8 35. Rdb4 Ra5 36. Rb8 Kg7 37. h5 R5a7 38. Bf3 Kf8 39. c4 Rxb8 40. Rxb8 Rc7 41. cxd5 exd5 42. Bxd5 Ke7 43. Rb7 Kd7 44. Rxc7+ Kxc7 45. Kd2 Kb6 46. e6 1-0

[Event "BCF-chT2 1011 (4NCL)"]
[Site "England"]
[Date "2011.02.19"]
[Round "5.22"]
[White "Rich, Mark"]
[Black "Gray, Mark S"]
[Result "1-0"]
[WhiteElo "2145"]
[BlackElo "2084"]
[PlyCount "93"]
[EventDate "2010.11.06"]
[EventType "team-swiss"]
[EventRounds "11"]
[EventCountry "ENG"]
[SourceTitle "EXT 2012"]
[Source "ChessBase"]
[SourceDate "2011.11.24"]
[SourceVersion "1"]
[SourceVersionDate "2011.11.24"]
[SourceQuality "1"]
[WhiteTeam "Jutes of Kent"]
[BlackTeam "Anglian Avengers"]
[WhiteTeamCountry "ENG"]
[BlackTeamCountry "ENG"]

1. e4 e5 2. Bc4 Nf6 3. d3 Nc6 4. Nc3 Bb4 5. Bg5 h6 6. Bh4 g5 7. Bg3 d5 8. Bb5 d4 9. a3 dxc3 10. axb4 cxb2 11. Rb1 Qe7 12. Rxb2 Bg4 13. f3 Bd7 14. Qd2 a6 15. Bxc6 Bxc6 16. Qc3 Nd7 17. Ne2 f6 18. d4 0-0-0 19. d5 Bb5 20. Nd4 Nb6 21. Nxb5 axb5 22. Qc5 Qd7 23. Ra2 Na4 24. Qe3 Qd6 25. Qb3 Nb6 26. Bf2 f5 27. Ra5 fxe4 28. fxe4 Qg6 29. Qd3 Rhf8 30. 0-0 Rf4 31. Re1 Rf7 32. Rxb5 Qf6 33. Bc5 Nd7 34. Be3 Nb8 35. c4 Rd6 36. c5 Ra6 37. Ra5 Rxa5 38. bxa5 Qa6 39. Qc3 Qb5 40. Qxe5 Rf8 41. Qe6+ Kd8 42. Qxh6 Nd7 43. c6 bxc6 44. dxc6 Rf6 45. Bxg5 Qc5+ 46. Kh1 Qc3 47. Rd1 1-0

[Event "BCF-chT2 1011 (4NCL)"]
[Site "England"]
[Date "2011.01.15"]
[Round "3.45"]
[White "Rich, Mark"]
[Black "Faulks, Nick"]
[Result "1/2-1/2"]
[WhiteElo "2145"]
[BlackElo "2101"]
[PlyCount "82"]
[EventDate "2010.11.06"]
[EventType "team-swiss"]
[EventRounds "11"]
[EventCountry "ENG"]
[SourceTitle "EXT 2012"]
[Source "ChessBase"]
[SourceDate "2011.11.24"]
[SourceVersion "1"]
[SourceVersionDate "2011.11.24"]
[SourceQuality "1"]
[WhiteTeam "Jutes of Kent"]
[BlackTeam "White Rose II"]
[WhiteTeamCountry "ENG"]
[BlackTeamCountry "ENG"]

1. e4 c5 2. Nc3 e6 3. f4 d5 4. Nf3 Nf6 5. e5 d4 6. exf6 dxc3 7. fxg7 cxd2+ 8. Qxd2 Qxd2+ 9. Bxd2 Bxg7 10. 0-0-0 0-0 11. Bd3 Bd7 12. Be3 b6 13. h4 Bc6 14. Ne5 Bd5 15. h5 Nc6 16. Nxc6 Bxc6 17. h6 Bf6 18. Rh3 Kh8 19. g4 Rad8 20. c3 Rd5 21. g5 Be7 22. c4 Rd7 23. Bd2 Rfd8 24. Bc3+ Kg8 25. Be2 Rxd1+ 26. Bxd1 Bd6 27. Bd2 Bc7 28. Bc2 Bg2 29. Rd3 Rxd3 30. Bxd3 Bh3 31. a3 Bf5 32. Kc2 Kf8 33. Bxf5 exf5 34. Kd3 f6 35. gxf6 Kf7 36. Ke3 Kxf6 37. Bc3+ Kg6 38. Bg7 Bd8 39. b4 Be7 40. b5 Bd6 41. a4 Bc7 1/2-1/2

[Event "Hastings Masters op 86th"]
[Site "Hastings"]
[Date "2010.12.29"]
[Round "2"]
[White "Clayton, Tristan"]
[Black "Rich, Mark"]
[Result "0-1"]
[WhiteElo "1791"]
[BlackElo "2145"]
[PlyCount "98"]
[EventDate "2010.12.28"]
[EventType "swiss"]
[EventRounds "9"]
[EventCountry "ENG"]
[SourceTitle "CBM 140 Extra"]
[Source "ChessBase"]
[SourceDate "2011.03.01"]
[SourceVersion "1"]
[SourceVersionDate "2011.03.01"]
[SourceQuality "1"]

1. e4 c5 2. Nc3 a6 3. g3 Nc6 4. Bg2 g6 5. d3 Bg7 6. f4 d6 7. Be3 e6 8. Nf3 Nd4 9. 0-0 Ne7 10. Rb1 Qa5 11. Bd2 Qc7 12. Ne2 Nxf3+ 13. Bxf3 b5 14. c3 Bb7 15. Be3 f5 16. Qe1 0-0 17. Qf2 Rae8 18. Qg2 c4 19. d4 fxe4 20. Bxe4 Nd5 21. Bf2 Rf7 22. h3 Ref8 23. Rbe1 a5 24. a3 Qc8 25. Kh2 Qa8 26. Ng1 e5 27. dxe5 dxe5 28. Bc5 Re8 29. fxe5 Rxf1 30. Qxf1 Ne3 31. Rxe3 Bxe4 32. Bd4 Rf8 33. Qe1 Bd3 34. Ne2 Bh6 35. Nf4 Bxf4 36. gxf4 Rxf4 37. Qg3 Rf1 38. Qg2 Qxg2+ 39. Kxg2 Rb1 40. b4 cxb3 41. Rxd3 b2 42. Rd2 Rg1+ 43. Bxg1 b1Q 44. Bd4 Qb3 45. Rf2 b4 46. axb4 axb4 47. Rf3 Qc2+ 48. Rf2 Qe4+ 49. Rf3 b3 0-1

[Event "Hastings Masters op 86th"]
[Site "Hastings"]
[Date "2010.12.28"]
[Round "1"]
[White "Rich, Mark"]
[Black "Druckenthaner, Andreas"]
[Result "0-1"]
[WhiteElo "2145"]
[BlackElo "2306"]
[PlyCount "58"]
[EventDate "2010.12.28"]
[EventType "swiss"]
[EventRounds "9"]
[EventCountry "ENG"]
[SourceTitle "CBM 140 Extra"]
[Source "ChessBase"]
[SourceDate "2011.03.01"]
[SourceVersion "1"]
[SourceVersionDate "2011.03.01"]
[SourceQuality "1"]

1. e4 e5 2. Nf3 Nc6 3. d4 exd4 4. Bc4 Bc5 5. c3 Nf6 6. e5 d5 7. Bb5 Ne4 8. Nxd4 0-0 9. Bxc6 bxc6 10. 0-0 f6 11. Be3 Qe8 12. exf6 Nxf6 13. Re1 Ng4 14. h3 Nxe3 15. Rxe3 Qg6 16. Rg3 Qh6 17. Qd2 Qh4 18. Na3 Bd7 19. Nac2 Bd6 20. Rd3 Rf6 21. Nf3 Qh5 22. Ncd4 Rg6 23. Kf1 Rxg2 24. Kxg2 Bxh3+ 25. Kh1 Bf5+ 26. Kg2 Qg6+ 27. Qg5 Bxd3 28. Ne6 Be4 29. Qxg6 hxg6 0-1

[Event "GBR-ch 97th"]
[Site "Canterbury"]
[Date "2010.07.27"]
[Round "2"]
[White "Tambini, Jasper"]
[Black "Rich, Mark"]
[Result "0-1"]
[WhiteElo "1890"]
[BlackElo "2166"]
[PlyCount "172"]
[EventDate "2010.07.26"]
[EventType "swiss"]
[EventRounds "11"]
[EventCountry "ENG"]
[SourceTitle "CBM 137 Extra"]
[Source "ChessBase"]
[SourceDate "2010.09.01"]
[SourceVersion "1"]
[SourceVersionDate "2010.09.01"]
[SourceQuality "1"]

1. e4 c5 2. Nc3 a6 3. f4 b5 4. Nf3 Bb7 5. d3 e6 6. g3 d5 7. Qe2 b4 8. Nd1 Nf6 9. Nf2 Nc6 10. e5 Nd7 11. Bh3 g6 12. Be3 a5 13. Rd1 Qc7 14. 0-0 Be7 15. Rfe1 Ba6 16. Bc1 a4 17. Qd2 Nb6 18. Bf1 Nd4 19. Bg2 h5 20. h4 Nf5 21. Kh2 c4 22. Bf1 c3 23. bxc3 bxc3 24. Qe2 Bc5 25. Bh3 0-0-0 26. Bxf5 gxf5 27. Ng5 d4 28. a3 Bb7 29. Nfh3 Rdg8 30. Kg1 Qc6 31. Kh2 Rg7 32. Rf1 Kc7 33. Rfe1 Nc8 34. Qf2 Ne7 35. Qe2 Ng8 36. Rf1 Nh6 37. Nf3 Ng4+ 38. Kg2 Kd7 39. Nhg5 Qd5 40. Rde1 Bc6 41. Kh3 Rb8 42. Qg2 Ke7 43. Qg1 Rd8 44. Re2 Rd7 45. Rfe1 Rb7 46. Rf1 Kf8 47. Ree1 Kg8 48. Re2 Kh8 49. Ree1 Rg8 50. Re2 Kg7 51. Ree1 Rd8 52. Re2 Qa2 53. Rfe1 Rbd7 54. Rf1 Bxa3 55. Bxa3 Qxa3 56. Ra1 Qc5 57. Qb1 Rb7 58. Qa2 Rb2 59. Qa3 Qxa3 60. Rxa3 Bb5 61. Ne1 Rb1 62. Ngf3 Bc6 63. Kg2 Ne3+ 64. Kf2 Kf8 65. Ra2 Ke7 66. Ra3 Rb4 67. Kg1 Ng4 68. Kg2 Kd7 69. Kg1 Kc7 70. Ng5 Rd7 71. Nh7 Rb1 72. Nf6 Nxf6 73. exf6 Kb6 74. Re5 Rd5 75. Kf2 Rxe5 76. fxe5 Ka5 77. Nf3 Bxf3 78. Kxf3 Kb4 79. Ra2 Rb2 80. Ra1 Rxc2 81. Kf4 Rg2 82. Rb1+ Ka3 83. Rb7 c2 84. Rc7 Kb2 85. Rxf7 c1Q+ 86. Kf3 Qf1# 0-1

[Event "BCF-chT2c 0809 (4NCL) Promotion pool"]
[Site "Hinckley Island"]
[Date "2009.05.02"]
[Round "9.5"]
[White "Thomas, Richard Huw"]
[Black "Rich, Mark"]
[Result "1-0"]
[WhiteElo "2202"]
[BlackElo "2132"]
[PlyCount "61"]
[EventDate "2008.10.04"]
[EventType "team-tourn"]
[EventRounds "4"]
[EventCountry "ENG"]
[SourceTitle "EXT 2010"]
[Source "ChessBase"]
[SourceDate "2010.11.25"]
[SourceVersion "1"]
[SourceVersionDate "2010.11.25"]
[SourceQuality "1"]
[WhiteTeam "Kings Head"]
[BlackTeam "Jutes of Kent"]
[WhiteTeamCountry "ENG"]
[BlackTeamCountry "ENG"]

1. Nf3 c5 2. g3 Nc6 3. c4 e5 4. Nc3 g6 5. Bg2 Bg7 6. 0-0 f5 7. d3 Nf6 8. Rb1 d6 9. a3 0-0 10. b4 cxb4 11. axb4 h6 12. b5 Ne7 13. Ba3 Qc7 14. Qb3 Be6 15. Rfc1 Qd7 16. Qb4 Ne8 17. Nd2 Rd8 18. c5 Rf7 19. cxd6 Nc8 20. Nb3 Qxd6 21. Nc5 Bf8 22. Nxe6 Qxe6 23. Qb2 Nb6 24. Bxf8 Kxf8 25. Ra1 Ra8 26. Ra3 Rc7 27. Na2 Rxc1+ 28. Qxc1 Nd6 29. Qxh6+ Ke7 30. Nc3 a6 31. Qg7+ 1-0

[Event "BCF-chT2a 0809 (4NCL)"]
[Site "Hinckley Island"]
[Date "2008.10.04"]
[Round "1.4"]
[White "Cumbers, Paul"]
[Black "Rich, Mark"]
[Result "1-0"]
[WhiteElo "2165"]
[BlackElo "2170"]
[PlyCount "77"]
[EventDate "2008.10.04"]
[EventType "team-tourn"]
[EventRounds "7"]
[EventCountry "ENG"]
[SourceTitle "EXT 2010"]
[Source "ChessBase"]
[SourceDate "2010.11.25"]
[SourceVersion "1"]
[SourceVersionDate "2010.11.25"]
[SourceQuality "1"]
[WhiteTeam "Pandoras Box"]
[BlackTeam "Jutes of Kent"]
[WhiteTeamCountry "ENG"]
[BlackTeamCountry "ENG"]

1. d4 f5 2. g3 Nf6 3. Bg2 g6 4. Nf3 Bg7 5. 0-0 0-0 6. c4 d6 7. Nc3 c6 8. d5 Qe8 9. Nd4 Bd7 10. b3 Na6 11. Bb2 e5 12. dxe6 Bxe6 13. Qd2 Rd8 14. Rae1 Bf7 15. e4 fxe4 16. Nxe4 Nxe4 17. Rxe4 Qd7 18. Rfe1 Rfe8 19. Rxe8+ Rxe8 20. Rxe8+ Qxe8 21. Nf3 Bxb2 22. Qxb2 Qe4 23. Ng5 Qe1+ 24. Bf1 Qe7 25. Nxf7 Kxf7 26. Qh8 h5 27. Bd3 Qg5 28. h4 Qg4 29. Qh7+ Kf6 30. Qxb7 Nc5 31. Qxc6 Qd4 32. Qf3+ Kg7 33. Bf1 Ne4 34. Bg2 Nc3 35. a3 a5 36. Kh2 a4 37. bxa4 Qxc4 38. a5 Nb5 39. a6 1-0

[Event "BCF-chT3 0708 (4NCL)"]
[Site "Sunningdale"]
[Date "2007.09.15"]
[Round "1"]
[White "Gregory, Keith D"]
[Black "Rich, Mark"]
[Result "1/2-1/2"]
[WhiteElo "2100"]
[BlackElo "2189"]
[PlyCount "40"]
[EventDate "2007.09.15"]
[EventType "team-tourn"]
[EventRounds "11"]
[EventCountry "ENG"]
[SourceTitle "CBM 120 Extra"]
[Source "ChessBase"]
[SourceDate "2007.11.01"]
[SourceVersion "1"]
[SourceVersionDate "2007.11.01"]
[SourceQuality "1"]
[WhiteTeam "Wessex II"]
[BlackTeam "Jutes of Kent"]
[WhiteTeamCountry "ENG"]
[BlackTeamCountry "ENG"]

1. Nf3 c5 2. g3 Nc6 3. c4 e5 4. Nc3 f5 5. d3 Nf6 6. Bg2 g6 7. 0-0 Bg7 8. Rb1 0-0 9. a3 d6 10. b4 h6 11. Ne1 g5 12. e3 cxb4 13. axb4 Ne7 14. Nc2 Ng6 15. d4 e4 16. f3 Re8 17. f4 d5 18. c5 Be6 19. Bh3 g4 20. Bg2 h5 1/2-1/2